Los "Estudos sobre o romanceiro peninsular" de Doña Carolina / (Record no. 102322)

MARC details
000 -LEADER
campo de control de longitud fija 00701nam a2200193 i 4500
001 - NÚMERO DE CONTROL
campo de control 102322
003 - IDENTIFICADOR DE NÚMERO DE CONTROL
campo de control ES-MaACL
005 - FECHA Y HORA DE LA ÚLTIMA TRANSACCIÓN
campo de control 20250618143853.0
007 - CAMPO FIJO DE DESCRIPCIÓN FÍSICA--INFORMACIÓN GENERAL
campo de control de longitud fija t|
008 - DATOS DE LONGITUD FIJA--INFORMACIÓN GENERAL
campo de control de longitud fija 051108s1930 po ||||1| por d
100 1# - ENTRADA PRINCIPAL--NOMBRE DE PERSONA
Nombre de persona Menéndez Pidal, Ramón,
Fechas asociadas al nombre 1869-1968
9 (RLIN) 80315
245 14 - MENCIÓN DEL TÍTULO
Título Los "Estudos sobre o romanceiro peninsular" de Doña Carolina /
Mención de responsabilidad, etc. R. Menéndez Pidal.
260 ## - PUBLICACIÓN, DISTRIBUCIÓN, ETC.
Lugar de publicación, distribución, etc. Coimbra :
Nombre del editor, distribuidor, etc. [s.n.],
Fecha de publicación, distribución, etc. 1930 (
Fabricante Imprensa da Universidade)
300 ## - DESCRIPCIÓN FÍSICA
Extensión 8 p. ;
Dimensiones 29 cm.
500 ## - NOTA GENERAL
Nota general Miscelania de Estudios en honor de Doña Carolina Michaelis de Vasconcellos.
600 17 - PUNTO DE ACCESO ADICIONAL DE MATERIA--NOMBRE DE PERSONA
Nombre de persona Vasconcelos, Carolina Michaëlis de,
Fechas asociadas al nombre 1851-1925
Fuente del encabezamiento o término
9 (RLIN) 158361
852 ## - LOCALIZACIÓN
Ubicación ES-MaACL
Número de control de estantería 1858-F-17
Sublocalización o colección R.23383
Holdings
Estatus retirado Estado de pérdida Estado de daño No para préstamo Colección Biblioteca de origen Biblioteca actual Ubicación en estantería Fecha de adquisición Fuente de adquisición Total de préstamos Signatura topográfica completa Código de barras Visto por última vez Precio de reemplazo Tipo de ítem Koha
        Colección de folletos Biblioteca del Ateneo de Madrid Biblioteca del Ateneo de Madrid Depósito folletos 17/01/2008     1858-F-17 1106810 23/02/2023 23/02/2023 Folleto